000 00452nam a22001817a 4500
999 _c526199
_d526199
003 NUST
020 _a-
038 _aZafar Malik
082 _a891.423
_bSHA
100 _aShahzad, Naveed
_914583
245 _aPooran Mashi \
_cNaveed Shahzad
260 _aLahore :
_bUmair Publishers ;
_c1998.
300 _a304 p. ;
500 _aHardcover
880 _6100-02\r
_aنوید شہزاد
880 _6245-02\r
_aپورن ماشی
942 _2ddc
_cBK